| 000 | 02880nam a2200373 a 4500 | ||
|---|---|---|---|
| 003 | CHAP | ||
| 005 | 20240527103407.0 | ||
| 007 | ta | ||
| 008 | 230320s2012 mx ado|fr|||| 001 0 spa d | ||
| 020 | _a978-607-715-068-8 | ||
| 040 |
_amxchpua _cCHAP _erda |
||
| 041 | 0 |
_bEspañol _fEspañol |
|
| 050 | 1 | 0 |
_aQA276.2 _b.I54 2012 |
| 082 | 0 | 0 |
_a519.5 _bI54 2012 _220 |
| 100 | 1 |
_958052 _aInfante Gil, Said _eautor |
|
| 245 | 1 | 0 |
_aMétodos estadísticos : _bun enfoque interdisciplinario / _cSaid Infante Gil y Guillermo P. Zárate de Lara |
| 250 | _a3a edición | ||
| 264 | 1 |
_aMéxico : _bColegio de Postgraduados : Fundación Colegio de Postgraduados en Ciencias Agrarias, _c2012 |
|
| 300 |
_ax, 610 páginas : _bilustraciones, gráficas, diagramas, tablas, fotos |
||
| 336 |
_2rdacontent _atexto _btxt |
||
| 337 |
_2rdamedia _asin medio _bn |
||
| 338 |
_2rdacarrier _avolumen _bnc |
||
| 490 | 1 |
_aLa Gaya Ciencia (Colegio de Postgraduados) _vv. 1 |
|
| 504 | _aIncluye bibliografías | ||
| 505 | 0 | _a1. Introducción -- 2. Métodos tabulares y gráficos para la organización y presentación de datos -- 3. Cálculo y selección de medidas descriptivas -- 4. Nociones elementales de la probabilidad -- 5.Variables aleatorias y sus distribuciones. Momentos -- 6. Algunos modelos probabilísticos importantes -- 7. Distribuciones derivadas del muestreo -- 8. Pruebas de hipótesis -- 9. Estimación -- 10. Comparación de dos poblaciones -- 11. Análisis de la varianza -- 12. Regresión linear simple -- 13. Algunas técnicas no paramétricas -- Tablas -- Índice analítico | |
| 520 | 2 | _aLa primera edición de la obra Métodos Estadísticos: un Enfoque Interdisciplinario, vio la luz en enero de 1984, agotándose su primer tiraje (de 3 000 ejemplares) en menos de seis meses. Desde entonces se ha reimpreso regularmente, en promedio una vez por año, con tirajes de entre 1 000 y 1 500 ejemplares cada vez. Puede decirse que, dentro de la exigua tradición de la literatura científica en México, se ha convertido en un clásico en el que han abrevado ya 29 cohortes de estudiantes de licenciatura, maestría y doctorado de México, Centro y Sudamérica, y del suroeste de los EE. UU. Esta tercera edición, ahora bajo el sello editorial del Colegio de Postgraduados, incluye varias novedades; entre ellas la posibilidad de usar el paquete R (de libre acceso) para trabajar los ejemplos en el texto y los ejercicios al final de cada capítulo. Seguramente este libro seguirá siendo una referencia adecuada para todo estudiante de ciencias experimentales y sociales. | |
| 650 | 1 | 7 |
_938241 _aEstadística |
| 650 | 1 | 7 |
_991685 _aProbabilidad |
| 650 | 1 | 3 |
_9144311 _aStatistics |
| 650 | 1 | 3 |
_9158041 _aProbability |
| 700 | 1 |
_9124099 _aZárate de Lara, Guillermo P. _eautor |
|
| 830 | 0 |
_9127712 _aLa Gaya Ciencia (Colegio de Postgraduados) _vv. 1 |
|
| 942 |
_2ddc _cLIBRO |
||
| 999 |
_c218564 _d218564 |
||